| 000 | 00654nam a2200253Ia 4500 | ||
|---|---|---|---|
| 003 | OSt | ||
| 005 | 20221005132508.0 | ||
| 006 | a|||||r|||| 00| 0 | ||
| 007 | ta | ||
| 008 | 221004b |||||||| |||| 00| 0 eng d | ||
| 024 | _a68876 | ||
| 037 | _cTextual | ||
| 040 |
_aCRL _cCRL _beng |
||
| 041 |
_2eng _aeng |
||
| 082 | _aX:96.3.N5, J6 | ||
| 100 |
_aWigham Eric L. _9342759 |
||
| 245 | 0 | _aTrade unions | |
| 260 | _c1956 | ||
| 490 | _aHome university library of modern knowledge, 229 | ||
| 650 | _a ECONOMICS | ||
| 650 | _aPERSONNEL MANAGEMENT | ||
| 942 |
_hX:96.3.N5, J6 _cTEXL _2cc |
||
| 999 |
_c1063815 _d1063815 |
||